Statistics for Every Creed song that hit the Billboard hot 100

Click here to take the quiz!

General Stats

  • This quiz has been taken 7 times
  • The average score is 4 of 7

Answer Stats

Peak Chart PositionYearSong% Correct
12000With Arms Wide Open
100%
701999One
83%
72000Higher
67%
42002My Sacrifice
50%
62002One Last Breath
50%
912009Rain
50%
732009Overcome
17%

Score Distribution

Percentile by Number Answered

Percent of People with Each Score

Your Score History

You have not taken this quiz